| 000 | 00000nam 2200000za 4500 |
| 001 | 9.855942 |
| 003 | CaOODSP |
| 005 | 20221107155424 |
| 007 | cr ||||||||||| |
| 008 | 180430s2017 oncd obs f000 0 eng d |
| 040 | |aCaOODSP|beng |
| 043 | |an-cn--- |
| 086 | 1 |aJ23-4/15-2017E-PDF |
| 245 | 00|aJordan |h[electronic resource] : |bstatistics related to delay in the criminal justice system. |
| 246 | 30|aStatistics related to delay in the criminal justice system |
| 260 | |a[Ottawa] : |bDepartment of Justice Canada, |c2017. |
| 300 | |a6 p. : |bcol. charts. |
| 490 | 1 |aJustFacts |
| 500 | |aIssued also in French under title: Jordan : statistiques relatives aux délais au sein du système de justice pénale. |
| 500 | |aCaption title. |
| 500 | |a"December 2017." |
| 504 | |aIncludes bibliographical references. |
| 520 | |a"This fact sheet is based on publicly available data from Statistics Canada and provincial databases, a number of Justice Canada, Canadian government (federal and provincial/territorial) and academic studies released from 2009 to 2017, as well as data from an internal research report prepared by Justice Canada in 2013"--P. [1]. |
| 692 | 07|2gccst|aCriminal justice |
| 693 | 4|aCourt congestion and delay |
| 693 | 4|aStatistics |
| 710 | 1 |aCanada. |bDepartment of Justice. |bResearch and Statistics Division. |
| 775 | 08|tJordan |w(CaOODSP)9.855943 |
| 830 | #0|aJustFacts (Canada. Department of Justice. Research and Statistics Division)|w(CaOODSP)9.854926 |
| 856 | 40|qPDF|s353 KB|uhttps://publications.gc.ca/collections/collection_2018/jus/J23-4-15-2017-eng.pdf |